| 000 | 00854nam a22002417a 4500 | ||
|---|---|---|---|
| 005 | 20240530110517.0 | ||
| 008 | 160208s2013 ua ao g b 000 0 ara d | ||
| 017 |
_a2012/21594 _bمصر . دار الكتب المصرية |
||
| 020 | _a9789771028369 | ||
| 040 | _aEG-CaGPL | ||
| 082 | 0 | 4 |
_221 _a583.56\ _bع ص |
| 100 | 0 | _aعدنان محمد على | |
| 245 | 1 | 2 |
_aالصبار و العصاريات = Cacti and Succulents / _cتاليف عدنان محمد على |
| 250 | _aط1 | ||
| 260 |
_aالقاهرة : _bدار الفكر العربى ، _c2013 . |
||
| 300 |
_a207 ص : _bصور ؛ _c24سم . |
||
| 504 | _aيشتمل على ارجاعات ببليوجرافية | ||
| 650 | 0 | 4 | _aالصبار |
| 650 | 0 | 4 | _aالعصاريات |
| 650 | 0 | 4 |
_aالصبار _xزراعة |
| 942 |
_2ddc _cBK |
||
| 999 |
_c61817 _d61817 |
||